| 000 | 00577nam a22001817a 4500 | ||
|---|---|---|---|
| 999 |
_c15229 _d15229 |
||
| 003 | OSt | ||
| 082 | _2631.587 AMB/EV | ||
| 088 | _aP 128 | ||
| 100 |
_aAMBILI P. T _92813 |
||
| 245 | _aEvaluation of aquifer parameters from pumping test data | ||
| 260 |
_aTavanur 2002 _bKelappaji College of Agricultural Engineering and Technology |
||
| 300 | _a60 | ||
| 500 | _aEvaluation of aquifer parameters from pumping test data | ||
| 520 | _aEvaluation of aquifer parameters from pumping test data | ||
| 700 |
_aBiju S _92814 |
||
| 700 |
_aEr. Sasikala D (Guide) _92600 |
||
| 942 | _cPR | ||